000 00945nam a22002897a 4500
003 CBULib
005 20230803092914.0
008 230515b |||||||| |||| 00| 0 eng d
020 _a9780128137420
040 _aCBULib
_cCBULib
_bEnglish
_erda
041 _aeng
_geng
050 _aRK 652.5 App
100 1 _aAsiri, Abdullah M.
_9391
245 _aApplications of nanocomposite materials in dentistry
_c / edited by Abdullar M. Asiri [and two others]
260 _bWoodhead Publishing,
_c[2019]
_aDuxford :
300 _ax, 343 pages : illustrations
336 _2rdacontent
_aText |
_btxt
337 _2rdamedia
_aUnmediated |
_bn
338 _2rdacarrier
_aVolume
_bnc
504 _aIncludes bibliographical references and index.
650 0 _aNANOCOMPOSITE (MATERIALS)
_9393
650 0 _aDENTAL MATERIALS
_9394
650 0 _aDENTISTRY
_9395
700 _9396
_a Mohammad, Ali
700 0 _9398
_aInamuddin,
_d1980-
942 _c002
_2lcc
999 _c77733
_d77733